Investment in human resources and manpower planning; (Record no. 43454)
[ view plain ]
| 000 -LEADER | |
|---|---|
| fixed length control field | 01170nam a2200313 4500 |
| 001 - CONTROL NUMBER | |
| control field | 43454 |
| 003 - CONTROL NUMBER IDENTIFIER | |
| rucl marc code | BD-RJUL |
| 005 - DATE AND TIME OF LATEST TRANSACTION | |
| control field | 20211209053711.0 |
| 008 - FIXED-LENGTH DATA ELEMENTS--GENERAL INFORMATION | |
| fixed length control field | 160622s1971 nyu bs i100 0 eng |
| 035 ## - SYSTEM CONTROL NUMBER | |
| System control number | BD-RJUL 43572 |
| System control number | (OCoLC)00584893 |
| System control number | GLIS00146268 |
| 040 ## - CATALOGING SOURCE | |
| Original cataloging agency | DLC |
| Transcribing agency | DLC |
| Modifying agency | m.c. |
| -- | MYG |
| Language of cataloging | eng |
| 041 ## - LANGUAGE CODE | |
| Language code of text/sound track or separate title | eng |
| 082 ## - DEWEY DECIMAL CLASSIFICATION NUMBER | |
| Edition number | 23 |
| Classification number | 331.11 |
| Author mark and year | INV 1971 |
| 090 ## - LOCALLY ASSIGNED LC-TYPE CALL NUMBER (OCLC); LOCAL CALL NUMBER (OCLC) | |
| Classification number (OCLC) (R) ; Classification number, CALL (RLIN) (NR) | HD5764.A6 |
| Local cutter number (OCLC) ; Book number/undivided call number, CALL (RLIN) | I62 |
| 099 ## - LOCAL FREE-TEXT CALL NUMBER (OCLC) | |
| Bangla Class number | HD5764.A6.I62 |
| 245 00 - TITLE STATEMENT | |
| Title | Investment in human resources and manpower planning; |
| Remainder of title | papers presented to the eighth session of senior economic advisers to ECE governments / |
| 260 ## - PUBLICATION, DISTRIBUTION, ETC. (IMPRINT) | |
| Place of publication, distribution, etc. | New York : |
| Name of publisher, distributor, etc. | United Nations, |
| Date of publication, distribution, etc. | 1971. |
| 300 ## - PHYSICAL DESCRIPTION | |
| Pagination | v, 165 p. : |
| Illustrations | ill. ; |
| Size | 28 cm. |
| 490 1# - SERIES STATEMENT | |
| Series statement | [United Nations. Documents] |
| Volume/sequential designation | E/ECE/ECON.ADVISERS/3 |
| 500 ## - GENERAL NOTE | |
| General note | "United Nations publication. Sales number: E.71.II.E.11." |
| 504 ## - BIBLIOGRAPHY, ETC. NOTE | |
| Bibliography, etc | Includes bibliographical references. |
| 650 #0 - SUBJECT ADDED ENTRY--TOPICAL TERM | |
| Topical term or geographic name as entry element | Manpower policy |
| Geographic subdivision | Europe |
| Form subdivision | Congresses. |
| 9 (RLIN) | 133448 |
| Topical term or geographic name as entry element | Labor supply |
| Geographic subdivision | Europe |
| Form subdivision | Congresses. |
| 9 (RLIN) | 133449 |
| 710 2# - ADDED ENTRY--CORPORATE NAME | |
| Corporate name or jurisdiction name as entry element | United Nations. |
| Subordinate unit | Economic Commission for Europe. |
| 9 (RLIN) | 132555 |
| 830 #0 - SERIES ADDED ENTRY--UNIFORM TITLE | |
| Uniform title | Document (United Nations) ; |
| Volume number/sequential designation | E/ECE/ECON.ADVISERS/3. |
| 942 ## - ADDED ENTRY ELEMENTS (KOHA) | |
| Source of classification or shelving scheme | Dewey Decimal Classification |
| Koha item type | Books |
| Lost status | Source of classification or shelving scheme | Damaged status | Not for loan | Collection code | Permanent Location | Current Location | Shelving location | Date acquired | Source of acquisition | Cost, normal purchase price | Total Checkouts | Full call number | Date last seen | Copy number | Koha item type |
|---|---|---|---|---|---|---|---|---|---|---|---|---|---|---|---|
| Dewey Decimal Classification | Non-fiction | Central Library, University of Rajshahi | Central Library, University of Rajshahi | 26/09/1974 | Gono Prakashani | 48.00 | 331.11 INV 1971 | 22/06/2016 | C-2 | Books | |||||
| Dewey Decimal Classification | Non-fiction | Central Library, University of Rajshahi | Central Library, University of Rajshahi | 26/09/1974 | Gono Prakashani | 48.00 | 331.11 INV 1971 | 22/06/2016 | C-3 | Books | |||||
| Dewey Decimal Classification | Non-fiction | Central Library, University of Rajshahi | Central Library, University of Rajshahi | 26/09/1974 | Gono Prakashani | 48.00 | 331.11 INV 1971 | 22/06/2016 | C-4 | Books | |||||
| Dewey Decimal Classification | Non-fiction | Central Library, University of Rajshahi | Central Library, University of Rajshahi | 26/09/1974 | Gono Prakashani | 48.00 | 331.11 INV 1971 | 22/06/2016 | C-5 | Books | |||||
| Dewey Decimal Classification | Non-fiction | Central Library, University of Rajshahi | Central Library, University of Rajshahi | 26/09/1974 | Gono Prakashani | 48.00 | 331.11 INV 1971 | 22/06/2016 | C-6 | Books | |||||
| Dewey Decimal Classification | Non-fiction | Central Library, University of Rajshahi | Central Library, University of Rajshahi | 26/09/1974 | Gono Prakashani | 48.00 | 331.11 INV 1971 | 22/06/2016 | C-7 | Books | |||||
| Dewey Decimal Classification | Non-fiction | Central Library, University of Rajshahi | Central Library, University of Rajshahi | 26/09/1974 | Gono Prakashani | 48.00 | 331.11 INV 1971 | 22/06/2016 | C-8 | Books | |||||
| Dewey Decimal Classification | Non-fiction | Central Library, University of Rajshahi | Central Library, University of Rajshahi | 26/09/1974 | Gono Prakashani | 48.00 | 331.11 INV 1971 | 22/06/2016 | C-9 | Books | |||||
| Dewey Decimal Classification | Non-fiction | Central Library, University of Rajshahi | Central Library, University of Rajshahi | 26/09/1974 | Gono Prakashani | 48.00 | 331.11 INV 1971 | 22/06/2016 | C-10 | Books | |||||
| Dewey Decimal Classification | Not For Loan | Non-fiction | Central Library, University of Rajshahi | Central Library, University of Rajshahi | Reading Room | 26/09/1974 | Gono Prakashani | 48.00 | 331.11 INV 1971 | 22/06/2016 | C-1 | Books |